Аутлук по технологиям, связанным с геологическим хранением СО2 и полным циклом улавливания и хранения: информационное издание

Bibliografiske detaljer
Institution som forfatter: Национальный исследовательский Томский политехнический университет (570)
Andre forfattere: Белозёров Б. В. Борис Владимирович, Рукавишников В. С. Валерий Сергеевич, Сливкин С. С. Станислав Сергеевич, Степико А. В. Артем Вадимович, Харитонцева П. А. Полина Анатольевна, Коношонкин Д. В. Дмитрий Владимирович
Summary:Заглавие с титульного экрана
Издано в авторской редакции
AM_TPU_network
Sprog:russisk
Udgivet: Томск, Изд-во ТПУ, 2025
Fag:
Online adgang:https://www.lib.tpu.ru/fulltext2/m/2025/m31.pdf
Format: MixedMaterials Electronisk Bog
KOHA link:https://koha.lib.tpu.ru/cgi-bin/koha/opac-detail.pl?biblionumber=681171

MARC

LEADER 00000nam0a2200000 4500
001 681171
005 20251028112025.0
010 |a 978-5-4387-1252-7 
090 |a 681171 
100 |a 20250806d2025 k||y0rusy50 ca 
101 0 |a rus 
102 |a RU 
105 |a a z 001yy 
135 |a drcn ---uucaa 
181 0 |a i   |b  e  
182 0 |a b 
183 0 |a cr  |2 RDAcarrier 
200 1 |a Аутлук по технологиям, связанным с геологическим хранением СО2 и полным циклом улавливания и хранения  |e информационное издание  |f Б. В. Белозеров, В. С. Рукавишников, С. С. Сливкин [и др. ]  |g Национальный исследовательский Томский политехнический университет 
203 |a Текст  |c электронный  |b визуальный 
210 |a Томск  |c Изд-во ТПУ  |d 2025 
215 |a 1 файл (6,34 MB, 86 с.) 
283 |a online_resource  |2 RDAcarrier 
300 |a Заглавие с титульного экрана 
300 |a Издано в авторской редакции 
371 0 |a AM_TPU_network 
606 |a Природные газы  |x Хранение 
610 1 |a жизненные циклы 
610 1 |a углекислый газ 
610 1 |a закачка 
610 1 |a хранение 
610 1 |a геологические формации 
610 1 |a захоронения 
610 1 |a осадочные бассейны 
610 1 |a УХУГ 
610 1 |a улавливание 
610 1 |a электронный ресурс 
610 1 |a труды учёных ТПУ 
610 1 |a информационные издания 
675 |a 622.691.2  |v 4 
701 1 |a Белозёров  |b Б. В.  |c российский геолог  |c инженер Томского политехнического университета  |f 1985-  |g Борис Владимирович  |9 12704 
701 1 |a Рукавишников  |b В. С.  |c специалист в области нефтегазового дела  |c директор Центра подготовки и переподготовки специалистов нефтегазового дела, доцент Томского политехнического университета, кандидат технических наук  |f 1984-  |g Валерий Сергеевич  |9 17597 
701 1 |a Сливкин  |b С. С.  |c геолог  |c заведующий лабораторией Томского политехнического университета  |g Станислав Сергеевич  |f 1982-  |9 17601 
701 1 |a Степико  |b А. В.  |c специалист в области нефтегазового дела  |c инженер Томского политехнического университета  |f 1993-  |g Артем Вадимович  |9 22502 
701 1 |a Харитонцева  |b П. А.  |c специалист в области нефтегазового дела  |c эксперт Томского политехнического университета  |f 1990-  |g Полина Анатольевна  |9 21642 
701 1 |a Коношонкин  |b Д. В.  |c геолог  |c инженер Томского политехнического университета  |f 1991-  |g Дмитрий Владимирович  |9 17595 
712 0 2 |a Национальный исследовательский Томский политехнический университет  |c (2009- )  |9 26305  |4 570 
801 0 |a RU  |b 63413507  |c 20250806  |g RCR 
850 |a 63413507 
856 4 0 |u https://www.lib.tpu.ru/fulltext2/m/2025/m31.pdf  |z https://www.lib.tpu.ru/fulltext2/m/2025/m31.pdf 
942 |c CF